| 000 | 00373nam a2200145 a 4500 | ||
|---|---|---|---|
| 001 | 878 | ||
| 003 | CDMR | ||
| 005 | 20130705130436.0 | ||
| 008 | 130130s1996||||||||||||||||||||||||||||d | ||
| 040 |
_aCDMR _bcat _cCPC GIRONA |
||
| 100 | 1 |
_aFlaquer, Lluís _9685 |
|
| 245 | 1 | 3 |
_aEl català, ¿Llengua pública o privada? _cFlaquer, Lluís |
| 260 |
_c1996 _bEmpúries |
||
| 942 |
_cMON _2udc |
||
| 999 |
_c878 _d878 |
||